[Event "Autumn Cup"]
[Site "Wellington Chess Club"]
[Date "2013.05.09"]
[Round "1"]
[White "Miriyala, Rama Rao"]
[Black "Aldridge, Alan"]
[Result "0-1"]
[WhiteElo "1938"]
[BlackElo "1991"]

1. e4 d5 2. exd5 Nf6 3. c4 c6 4. dxc6 Nxc6 5. Nf3 e5 6. d3 Bc5 7. Be2 Qb6 8.
Nc3 Bxf2+ 9. Kf1 Bd4 10. Nb5 O-O 11. Nbxd4 Nxd4 12. Rb1 Nxe2 13. Qxe2 Re8 14.
Be3 Qa6 15. a3 e4 16. Nd4 Bg4 17. Qc2 exd3 18. Qxd3 Rad8 19. h3 Bh5 20. Qb3 Ne4
21. Rh2 {#Diagram Classical play from black and mysterious play from white has
leads to an ugly position for white, and a simple winning shot for black} 21...
Rxd4 (21... Rxd4 22. Bxd4 Nd2+) 0-1

[Event "Autumn Cup"]
[Site "Wellington Chess Club"]
[Date "2013.05.09"]
[Round "1"]
[White "Nijman, Brian"]
[Black "Stone, Andrew"]
[Result "1-0"]
[WhiteElo "2218"]
[BlackElo "2008"]

1. e4 e5 2. Nf3 Nc6 3. c3 Nf6 4. d4 exd4 5. e5 Ne4 6. Qe2 Nc5 $2 7. cxd4 Na6 $2
{#Diagram}  ( {Things have got very unusual very fast. Houdini thinks ...Ne6 is
essential despite the invitation to play d5. Here is its main line after a
short think} 7... Ne6 8. d5 Ncd4 9. Nxd4 Nxd4 10. Qe4 c5 11. d6 g6 12. Nc3 Bg7
13. Be3 Qa5 14. Bd3 O-O 15. O-O Nc6 16. f4 b6 17. Nd5 Bb7 18. Be2 Rae8) 8. a3
$5 {I like this cunning move} 8... Ne7 {Forced! the black minor pieces are
starved of squares} 9. Nc3 d5 10. exd6 cxd6 $2 11. Bf4 $1 {Decisive. Square d6
is a fatal weakness} 11... Nc7 12. Ne4 {#Diagram} 12... Kd7 $5 {A rather
embarrassing move to make. But Houdini agrees that this is as good as anything.
For the rest of the game, Andrew clings on to life, with (almost) material
equality, but an almost comically horrible position.} 13. Nxd6 Ng6 14. Ne5+
Nxe5 15. dxe5 Bxd6 16. O-O-O {A shame. A beautiful computer finish would have
been}  (16. exd6 Re8 17. O-O-O Rxe2 18. dxc7+ Ke6 19. cxd8=Q) 16... Qe7 17. Qd2
Ne6 18. Bb5+ Kd8 19. exd6 Qf6 20. Be3 Bd7 21. Qa5+ Ke8 22. Bxd7+ Kxd7 23. Qb5+
Kd8 24. d7 b6 25. Qd5 Nc7 26. Qd2 h5 $2 {A pity, but it's a situation where
voluntary euthanasia is a pretty respectable option. It's rare to see a game last
this long with one side still chronically unable to develop their pieces. If
you were black how would you try to get your rooks into the game?} 27. Bg5 1-0

[Event "Autumn Cup"]
[Site "Wellington Chess Club"]
[Date "2013.05.09"]
[Round "1"]
[White "Nyberg, Michael"]
[Black "Pandey, Alok"]
[Result "1-0"]
[WhiteElo "2044"]
[BlackElo "2015"]

1. d4 Nf6 2. Nf3 g6 3. g3 Bg7 4. Bg2 O-O 5. O-O d5 6. Bf4 Nc6 7. c3 Re8 8. Nbd2
Nh5 9. Bg5 h6 10. Be3 e5 11. dxe5 Nxe5 12. Nxe5 Rxe5 13. Nf3 Re8 14. Qd2 Kh7
15. Rad1 c6 16. h3 Nf6 17. g4 Qa5 18. b4 Qb5 19. Nd4 Qc4 20. g5 hxg5 21. Bxg5
Ne4 22. Bxe4 Rxe4 23. f3 Bxd4+ 24. cxd4 {#Diagram} 24... Rxe2 25. Qf4 {A
critical position. Black has spoiled White's structure, won a pawn and posted a
rook on the seventh. However having abandoned the black squares around his own
king  he must now tread very carefully....} 25... Re6 $2 {This looks like a
simple losing blunder, and I suppose it is, but in fact black only has one good
move available}  (25... Kg8 $1 {for example} 26. Qf6 Qxa2 {and black's counter
attack defeats white's attack. Black cannot use the e2 rook for defence, the
only way to indirectly defend the kingside dark squares is to use the e2 rook
for counterattack} ) 26. Qxf7+ 1-0

[Event "Autumn Cup"]
[Site "Wellington Chess Club"]
[Date "2013.05.09"]
[Round "1"]
[White "Sellen, Ian"]
[Black "Jackson, Ross"]
[Result "1/2-1/2"]
[WhiteElo "2041"]
[BlackElo "1959"]

1. c4 d6 2. g3 g6 3. Bg2 Bg7 4. Nc3 Nf6 5. d4 O-O 6. e4 e5 7. d5 Ne8 8. Nge2 f5
9. O-O Nf6 10. Rb1 fxe4 11. Nxe4 Nxe4 12. Bxe4 Bh3 13. Re1 Qf6 14. Be3 Bf5 15.
Qc2 Nd7 16. b4 Bxe4 17. Qxe4 Qf3 18. Nc3 Qh5 19. Nb5 Nf6 20. Qh4 Qxh4 21. gxh4
Ne8 22. c5 a6 23. Nc3 Nf6 24. Bg5 h6 25. Bxf6 Bxf6 26. h5 Bh4 27. Ne4 gxh5 28.
Re2 Rad8 29. cxd6 cxd6 30. Rc1 Rd7 31. a4 Bd8 32. Rc3 Rf4 33. h3 Kf7 34. Kg2
1/2-1/2

[Event "Autumn Cup"]
[Site "Wellington Chess Club"]
[Date "2013.05.09"]
[Round "1"]
[White "Stoeveken, Peter"]
[Black "Hewson, Michael"]
[Result "1-0"]
[WhiteElo "1898"]
[BlackElo "1848"]

1. d4 Nf6 2. c4 c5 3. Nf3 g6 4. Nc3 cxd4 5. Nxd4 Nc6 6. e3 Bg7 7. Be2 O-O 8. h4
d6 9. h5 Ne5 10. hxg6 fxg6 11. e4 Nfg4 12. f3 Nf6 13. Qb3 Qd7 14. Be3 Nc6 15.
O-O-O b6 16. Rh2 Na5 17. Qc2 Ba6 18. b3 Rac8 19. Kb1 Bxc4 20. Bxc4+ Nxc4 21.
bxc4 Rxc4 22. Qb3 Rc8 23. g4 Kh8 24. Rc2 Nxg4 25. fxg4 Qxg4 26. Rcc1 Rxc3 27.
Rxc3 Rxc3 28. Qxc3 Qxd1+ 29. Kb2 Qg4 30. Qc6 Qe6 31. Qe8+ Qg8 32. Qxe7 Qb8 33.
Kb1 Qf8 34. Qxf8+ Bxf8 35. Nc6 h5 36. Nxa7 h4 37. Bf4 h3 38. Nc8 g5 39. Bg3 Kg7
40. Nxb6 Kf6 41. a4 Ke7 42. a5 1-0

[Event "Autumn Cup"]
[Site "Wellington Chess Club"]
[Date "2013.05.09"]
[Round "1"]
[White "Wastney, Scott"]
[Black "Forster, Bill"]
[Result "1-0"]
[WhiteElo "2453"]
[BlackElo "2088"]

1. e4 c5 2. Nf3 Nc6 3. d4 cxd4 4. Nxd4 g6 5. Be2 Nf6 6. Nc3 Bg7 7. Nb3 d6 {I
need to check my opening books - I didn't think it was possible for White to
deny Black the option of playing a dragon that had some kind of distinct
accelerated dragon character - but that is what has happened here. This is bad
news for me as I don't know anything about the regular dragon - whereas Scott
(of course) has a well thought out system.} 8. O-O Be6 9. f4 Rc8 10. f5
{#Diagram Forced to effectively make something up I decided to delay castling
and try to get quick play on the queenside. Afterwards Scott told me my
approach was unorthodox and he decided to punish me. The good news is that at
least that creates an unfamiliar situation for Scott too, so at least I won't
just lose routinely due to inferior knowledge. } 10... Bd7 11. Bf4 Ne5 12. Bxe5
dxe5 {Houdini actually likes my position and I was kind of fond of it as well.
I figured the two e pawns control a lot of squares, that white's one remaining
bishop is quite bad, and that my bishop pair might be a factor later in the
game.} 13. Bd3 {Ruminating on this position, I suddenly was seized by the
concept of trying to attack on the kingside. I am cursed by a tendency to
choose 'interesting' ahead of 'good'.} 13... g5 $5 14. Qf3 Qb6+ {I had spotted
an amusing trap a few moves ahead...} 15. Kh1 g4 16. Qg3 Rc6 {...I played this
quickly and wandered away with my fingers crossed.} 17. Nd5 ( {Hoping for} 17.
Qxe5 Nh5 18. Qb5 {or anywhere else} 18... Ng3+ 19. hxg3 Rh6# {Afterward Scott
told me that it was rather silly to hope he would fall into this obvious
trap:-) Amusingly, as I put this line into the computer it turns out that
17...Nh5 is a blunder because 18.f6 would win for White!} ) 17... Nxd5 18. exd5
Rh6 19. Qxg4 Bf6 {I have given up a pawn but united and activated my rooks in
an unorthodox way without making a king move. I hoped my king would be just as
safe behind a central wall as a more normal side wall. Of course I also need to
get more pieces into the attack to justify the sac. As I say, it was
'interesting'.} 20. Be4 Rh4 21. Qe2 Rg8 22. Nd2 Rgg4 23. Bf3 Bb5 {#Diagram At
this stage I was very optimistic, Black has a lot of activity. I thought the
computer might later find a win, but instead it suggests Black is just a little
better.} 24. Qd1 Bxf1 ( {I didn't see that I could force a draw or I certainly
would have taken that option!} 24... Rxh2+ 25. Kxh2 Rh4+ 26. Kg3 Bxf1 27. Qxf1
(27. Nxf1 $2 Rh1 $1 {wins} ) 27... Qe3 28. Qe2 Rg4+ {with a perpetual check} )
25. Bxg4 Qd4 26. Bf3 Ba6 27. g3 Rh6 28. Ne4 Qxb2 29. Qc1 Qxc1+ 30. Rxc1 {I've
got my pawn back, but the attack is over and the ending looks favourable to
White. I had run out of time as well, while Scott still had a nice buffer.
Surprisingly, I basically hold the balance for quite a while} 30... Bg7 31. c4
Rb6 32. c5 Rb2 33. a4 Bh6 34. Rc3 Rb1+ 35. Kg2 Rb2+ 36. Kg1 Rb1+ 37. Kf2 Rb2+
38. Ke1 Rxh2 39. c6 bxc6 40. dxc6 Bc8 41. g4 Bf4 42. Kd1 Kd8 43. c7+ Kd7 44.
Nc5+ {#Diagram Scott was now almost down to his increment as well, and with the
computer eval at 0.00 I was almost on even terms again} 44... Kxc7 $2 ( {It
never occured to me to play the correct} 44... Kd6 { because I didn't see what
was wrong with grabbing the dangerous looking pawn.} ) 45. Ne6+ {Only now did I
realise that White's formerly anaemic bishop has been transformed into an
attacking monster and I am in danger of being mated} 45... Kd7 {In fact now I
am being mated, but avoiding mate involved fatal loss of material} 46. Rd3+ Ke8
47. Rd8# 1-0

[Event "Autumn Cup"]
[Site "Wellington Chess Club"]
[Date "2013.05.16"]
[Round "2"]
[White "Aldridge, Alan"]
[Black "Nyberg, Michael"]
[Result "0-1"]
[WhiteElo "1991"]
[BlackElo "2044"]

1. b3 d5 2. Bb2 Nf6 3. e3 Bf5 4. Nf3 Nbd7 5. Be2 c6 6. O-O Qc7 7. d4 e6 8. c4
Bd6 9. Nc3 Rc8 10. c5 Be7 11. b4 b5 12. a4 a6 13. axb5 axb5 14. Qd2 Ne4 15.
Nxe4 dxe4 16. Ne5 Bf6 17. Nxd7 Qxd7 18. f3 e5 19. fxe4 Bxe4 20. Qc3 exd4 21.
exd4 Qd5 22. Bf3 Bxf3 23. Rxf3 O-O 24. Rff1 Rcd8 25. Rad1 Rfe8 26. Qf3 Re4 27.
Kh1 h6 28. h3 Rde8 29. Rd2 Qc4 30. d5 Re1 {#Diagram} 31. Rf2 $2 (31. Rxe1 {was
unpleasant for white but mandatory} ) 31... Bxb2 32. Qxf7+ Kh8 33. Rxe1 Rxe1+
34. Kh2 Be5+ 35. g3 Qe4 36. Qf8+ Kh7 37. Rg2 Re2 0-1

[Event "Autumn Cup"]
[Site "Wellington Chess Club"]
[Date "2013.05.16"]
[Round "2"]
[White "Brockway, Andrew"]
[Black "Stoeveken, Peter"]
[Result "1/2-1/2"]
[WhiteElo "1836"]
[BlackElo "1898"]

1. e4 c5 2. Nc3 Nc6 3. Bb5 Nf6 4. Bxc6 bxc6 5. f4 d6 6. Nf3 Bg4 7. O-O Qb6 8.
Kh1 d5 9. Qe1 Bxf3 10. Rxf3 e6 11. d3 Rd8 12. f5 d4 13. Na4 Qb4 14. Qxb4 cxb4
15. b3 h6 16. Nb2 e5 17. Nc4 Nd7 18. a3 Ra8 19. Bb2 f6 20. Rg3 Kf7 21. a4 Bc5
22. Rf1 Rag8 23. Na5 Rc8 24. Nc4 Rcg8 25. Na5 Rc8 26. Nc4 Rcf8 27. Na5 Rc8
1/2-1/2

[Event "Autumn Cup"]
[Site "Wellington Chess Club"]
[Date "2013.05.16"]
[Round "2"]
[White "Cook, John"]
[Black "List, Robert"]
[Result "1-0"]
[WhiteElo "1614"]
[BlackElo "1665"]

1. d4 Nf6 2. e3 e6 3. Bd3 d5 4. Nd2 c5 5. c3 Bd6 6. f4 h5 7. Ngf3 Nc6 8. Ne5
Ne7 9. O-O Neg8 10. Ndf3 Nh6 11. h3 a6 12. Bc2 Bd7 13. Ng5 Bb5 14. Rf2 Nd7
{#Diagram} 15. Nxe6 $5 fxe6 16. Qxh5+ Ke7 17. Ng6+ Kf6 18. Nxh8 Qxh8 19. Qg6+
Ke7 20. f5 Nf6 21. fxe6 Be8 22. Qg5 Kxe6 23. Bf5+ Ke7 {#Diagram} 24. e4 $1
{John correctly opens more lines} 24... dxe4 25. Bxe4 Nf7 26. Qe3 Ng4 $6 {Bob
wants to play too} 27. hxg4 Qh2+ 28. Kf1 Qh1+ 29. Ke2 Bb5+ 30. Bd3+ Kf8 31.
Bxb5 axb5 {#Diagram} 32. Kd2 $2 {A shame, clearly white is worried about
...Re8, but Qe6 attacking the undefendable and pinned Nf7 is begging to be
played}  ( {after} 32. Qe6 $1 Re8 33. Rxf7+ Kg8 34. Re7+ {and White is not only
not losing his queen, he is winning even more material and forcing mate!} )
32... Re8 33. Qf3 Qe1+ 34. Kc2 Qe6 35. Bd2 cxd4 36. Re1 Qxa2 37. Rxe8+ Kxe8 38.
Qe4+ Kf8 39. Qxd4 Be7 40. g5 Kg8 41. g6 Nd6 42. Re2 Kf8 43. Qf4+ Ke8 44. Qg4
Qd5 45. Bg5 Nf5 46. Bxe7 Nxe7 47. Qc8+ Qd8 {#Diagram} 48. Qxd8+ {This is a good
practical winning move, but}  (48. Qe6 {would have been really classy, Black is
completely powerless to prevent the white rook unhurriedly (it takes three
moves) wandering over to h8 and forcing mate!} ) 48... Kxd8 49. Re6 Kd7 50. Rb6
Kc7 51. Rxb5 Nxg6 52. Rg5 Nf4 53. Rxg7+ Kb6 54. g4 Kc5 55. Rxb7 { } 1-0

[Event "Autumn Cup"]
[Site "Wellington Chess Club"]
[Date "2013.05.16"]
[Round "2"]
[White "Jackson, Ross"]
[Black "Pandey, Alok"]
[Result "0-1"]
[WhiteElo "1959"]
[BlackElo "2015"]

1. d4 c5 2. dxc5 Nc6 3. c3 a5 4. e4 Nf6 5. Qc2 e5 6. Nf3 Bxc5 7. Bg5 O-O 8. Bc4
Be7 9. O-O d5 10. exd5 Nxd5 11. Bxe7 Ndxe7 12. Na3 Bf5 13. Qe2 Ng6 14. Rfd1 Qf6
15. Qe3 Nf4 16. Nb5 Rad8 17. Ne1 Bg4 18. Rxd8 Rxd8 19. h3 Bf5 20. g4 Qg6 21.
Kh2 Be4 22. f3 Bd5 23. Bf1 Be6 24. b3 h5 25. Ng2 Qc2 26. Qc1 Qf2 27. Qe1 Qxf3
28. Nh4 Qd5 29. Nc7 Qd2+ 30. Kg3 {#Diagram} 30... g5 $1 {A good, simple, human
move.}  ( {The computer prefers} 30... Rd3+ $3 31. Bxd3 Qxd3+ 32. Kf2 Nxh3+ 33.
Kg2 Nf4+ 34. Kf2 Bxg4 {when black has a material advantage and an overwhelming
attack} ) 31. Qxd2 Rxd2 {played instantly, but as often happens in combinative
situations the obvious recapture is a terrible mistake, }  (31... gxh4+ {is a
simple free piece} ) 32. Nf5 {From now on black retains his advantage but
doesn't really hammer it home} 32... h4+ 33. Kf3 Rh2 34. Nxe6 fxe6 35. Nd6 Nxh3
36. Nxb7 Nf4 37. Bb5 Ne7 38. Nxa5 Ned5 39. Bf1 Nxc3 {White lost on time} 0-1

[Event "Autumn Cup"]
[Site "Wellington Chess Club"]
[Date "2013.05.16"]
[Round "2"]
[White "Nijman, Brian"]
[Black "Ker, Anthony"]
[Result "1/2-1/2"]
[WhiteElo "2218"]
[BlackElo "2425"]

1. e4 d6 2. d4 Nf6 3. Nc3 g6 4. Bg5 Bg7 5. Nf3 a6 6. Qd2 h6 7. Bf4 g5 8. Bg3
Nh5 9. Bc4 (9. O-O-O) 9... e6 (9... b5) 10. O-O-O Bd7 11. Kb1 Nxg3 12. hxg3 {=}
12... g4 13. Nh4 Nc6 14. d5 Ne5 15. Be2 Qf6 {?!}  (15... b5) 16. f4 gxf3 17.
gxf3 O-O-O 18. f4 $14 Ng6 19. Nf3 exd5 (19... Kb8) 20. Qxd5 (20. Qe3 Kb8 21.
Rxd5 Rhe8 {=} ) 20... Bc6 (20... Ne7 21. Qb3 Be6 22. Qa3 $14) 21. Qd4 Qxd4 (
21... Kb8 {?!} 22. Qb4)  (21... Rhe8 {?} 22. Qa7 Bxe4 23. Rhe1 d5 24. Nd4 Qb6 (
24... h5 25. Qa8+ Kd7 26. Qxb7) 25. Bg4+ $18) 22. Nxd4 Bd7 23. Bc4 Rdf8 24. Nd5
Bg4 25. Be2 Bxe2 26. Nxe2 f5 {?!}  (26... Re8 {=} ) 27. exf5 {?!}  (27. Nd4 $14
) 27... Rxf5 28. g4 Rf7 29. Rdf1 c6 30. f5 Ne5 31. Ne3 Bf6 32. Nf4 Bg5 33. Ng6
{?}  (33. b3 {=} ) 33... Nxg6 (33... Re8 {=} ) 34. fxg6 Rxf1+ 35. Rxf1
{#Diagram} 35... Rg8 (35... Bxe3 {??} 36. g7) 36. Nc4 {?!}  (36. Rf7 Rxg6 37.
Nf5 Kb8 {!} 38. Rf8+ Ka7 39. a4 Kb6 40. Rf7 a5 41. Ka2 Bf4 $19) 36... Rxg6 37.
Rf7 Bd8 (37... b5 {!} 38. Na5 (38. Nb6+ Kd8 39. Rd7+ Ke8 40. a4 (40. Ra7 Be3)
40... Bd8 $19) 38... c5 39. a4 Rf6 40. Ra7 Rf1+ 41. Ka2 Rf4 42. b3 Bf6 43. Rf7
Be5 $19) 38. a4 b5 (38... d5 39. Ne3 Bg5 40. Nf5 Kb8 41. Rf8+ Ka7 42. Rf7 (42.
a5 Bf4) 42... a5 43. c3 Re6 44. Ka2 Re4 45. Kb3 Rxg4 46. Nd6 Kb6 47. Rxb7+ Kc5
$19) 39. axb5 axb5 40. Ne3 d5 41. Nf5 (41. Rh7 {! [if White can capture the
h-pawn with the rook, it is very difficult for Black to win]} )  (41. c3 Kb8
{[getting away from knight forks on e7, after knight e3-f5]} 42. Kc2 Bc7 (42...
Bb6 43. Kd3 Bxe3 44. Kxe3 Rxg4 45. Rf6 {=} ) 43. Rh7 Be5 44. Kd3 {[White is
probably holding here]} ) 41... Bg5 (41... Rxg4 42. Nxh6 {[Black is better, but
White has drawing chances]} ) 42. Rh7 {=} 42... Re6 43. Ka2 c5 44. Kb3 {?!}  (
44. c3 {=} ) 44... Kd8 {?}  (44... d4 45. Ka2 Re2 46. Nd6+ Kd8 47. Nb7+ Ke8 48.
Nxc5 Rxc2 49. Ne6 Be3 50. Nc7+ Kd8 51. Nd5 {[White has drawing chances]} ) 45.
Rb7 Re4 46. Rxb5 c4+ 47. Kb4 Rxg4 48. Rxd5+ Kc7 49. Rc5+ Kb6 50. Rxc4 (50. Nd6
{!?} 50... c3+ 51. Nc4+ Kb7 52. Kxc3 h5 {=} ) 50... h5 51. Rxg4 hxg4 52. Ng3
Bf4 53. Ne4 g3 54. Nxg3 {[draw agreed]} 1/2-1/2

[Event "Autumn Cup"]
[Site "Wellington Chess Club"]
[Date "2013.05.16"]
[Round "2"]
[White "Rossiter, Philip"]
[Black "Kay, Bruce"]
[Result "1-0"]
[WhiteElo "1820"]
[BlackElo "1804"]

1. c4 Nf6 2. Nc3 e6 3. g3 d5 4. d4 c5 5. cxd5 exd5 6. Nf3 Nc6 7. Bg2 Be7 8. O-O
O-O 9. Bf4 Be6 10. Rc1 cxd4 11. Nxd4 Qd7 12. Na4 Rac8 13. a3 b6 14. Nc3 Na5 15.
a4 Nc4 16. b3 Nd6 17. Qd3 Nb7 18. Ncb5 Nc5 19. Qb1 a6 20. Nc3 Bd6 21. Bxd6 Qxd6
22. Rfd1 Qe5 23. Nf3 Qb8 24. Qb2 Rfd8 25. b4 Nce4 26. Nxe4 Nxe4 27. Ne5 Qb7 28.
b5 Nc5 29. Qb4 a5 30. Qa3 h6 31. Nc6 Rd7 32. e3 Kh8 33. Rd4 Kh7 34. Rcd1 Kh8
{#Diagram Sometimes capturing a besieged weak IQP (isolated queen pawn) frees
the defender's game, but here White remains fully dominant} 35. Bxd5 Bxd5 36.
Rxd5 Rxd5 37. Rxd5 Kh7 38. Qa2 Ne6 39. Qb1+ g6 40. Qd1 {Black lost on time} 1-0

[Event "Autumn Cup"]
[Site "Wellington Chess Club"]
[Date "2013.05.16"]
[Round "2"]
[White "Sellen, Ian"]
[Black "Miriyala, Rama Rao"]
[Result "1-0"]
[WhiteElo "2041"]
[BlackElo "1938"]

1. c4 Nf6 2. Nc3 e6 3. g3 d5 4. Bg2 d4 5. Ne4 Be7 6. Nxf6+ Bxf6 7. d3 O-O 8.
Nf3 c5 9. O-O Nc6 10. a3 Re8 11. Rb1 a5 12. Nd2 e5 13. Ne4 Be7 14. f4 f5 15.
Ng5 Bxg5 (15... e4 16. dxe4 Bxg5 17. fxg5 fxe4 {Black has some good chances} )
16. fxg5 e4 17. Bf4 $1 {A nice outpost} 17... e3 $6 {this looks stifling, but
black can't do anything with the space advantage. White's bishops have ample
freedom, and the black pawn chain proves vulnerable eventually} 18. h4 a4 (
18... Qb6 19. Qa4 Bd7 (19... Ra7 20. Rfc1 Be6 21. Qb5 Ra6 22. Bd6 Qd8 23. Qxc5)
20. Qb5 Qxb5 (20... Ra6 21. Qxb6 Rxb6 22. Bd6) 21. cxb5 Nd8 22. Rbc1 {good for
white} ) 19. b3 Qa5 $6 ( {interesting is} 19... axb3 20. Qxb3 Ra7 21. Qb5 Ra5
22. Qb6 Qxb6 23. Rxb6 Rxa3 24. Bd6 Ra5 25. Bd5+ Kh8 26. Rfb1 {advantage to
white} ) 20. bxa4 Qxa4 {Now black's pawn chain is starting to look shaky,
whereas white's is easily defendable} 21. Qxa4 Rxa4 22. Rb5 Rxa3 23. Rxc5 Ra2
24. Bf3 Bd7 25. Rd5 Be6 26. Rd6 (26. Rb5 Re7 27. Rfb1 Nd8 28. Kf1 {may be
better} ) 26... Kf7 27. Rb1 Re7 28. Kf1 Ra6 29. Bxc6 {it's fine to give up the
bishop pair now, white is gaining material} 29... bxc6 30. Rxd4 Bd7 31. Rb7 (
31. Bd6 $1 Re6 32. Rb7 Ke8 33. Bb4 Bc8 34. Rb8 {is much better! But the move
played is sufficient} ) 31... Bc8 32. Rxe7+ Kxe7 33. Bxe3 c5 $2 34. Rd5 Ra1+
35. Kf2 g6 36. Bxc5+ 1-0

[Event "Autumn Cup"]
[Site "Wellington Chess Club"]
[Date "2013.05.16"]
[Round "2"]
[White "Stone, Andrew"]
[Black "Forster, Bill"]
[Result "0-1"]
[WhiteElo "2008"]
[BlackElo "2088"]

1. e4 c5 2. d4 cxd4 3. c3 e5 4. Nf3 Nc6 5. Bc4 Be7 6. cxd4 exd4 7. O-O d6 8.
Nxd4 Nf6 9. Nc3 O-O 10. Bf4 Nxe4 11. Nxc6 bxc6 12. Nxe4 d5 13. Bd3 dxe4 14.
Bxe4 Ba6 15. Re1 Bb4 16. Qxd8 Raxd8 17. Red1 c5 18. Bc7 Rc8 19. Bd6 Rfe8 20.
Bf5 Rcd8 21. a3 {#Diagram My instant reaction was to lash out with Be2, but I
quickly thought, that's silly he can take both my bishops while I am taking
just a rook. But fortunately I took a moment to check whether there was
anything left to say after this... } 21... Be2 $1 22. axb4 $4 (22. Rd5 Bc4 23.
Rdd1 Be2 {would have finished the game with a repetition, like a few other
games this night} ) 22... Bxd1 {since this threatens mate on e1, white can't
bail out} 23. Rxd1 Rxd6 $1 {and the game is effectively decided} 24. Rc1 cxb4
25. g3 g6 26. Bg4 Rd2 27. b3 Rb2 28. Bd1 Rd8 29. f3 a5 ( {I missed the simple}
29... Rbd2 $1 {winning the bishop} ) 30. h4 Rxd1+ 31. Rxd1 Rxb3 32. Kf2 a4 33.
Rd8+ Kg7 34. Ra8 a3 35. Ke2 Rb2+ 36. Kd3 a2 37. Kc4 b3 38. Kc3 Rb1 0-1

[Event "Autumn Cup"]
[Site "Wellington Chess Club"]
[Date "2013.05.16"]
[Round "2"]
[White "Stracy, Don"]
[Black "Veldhuizen, Matt"]
[Result "1-0"]
[WhiteElo "1665"]
[BlackElo "1556"]

1. e4 c6 2. Nc3 d5 3. Nf3 dxe4 4. Nxe4 Nd7 5. Bc4 Ngf6 6. d3 Qb6 7. O-O e6 8.
Re1 Be7 9. Qe2 O-O 10. c3 Nc5 11. Nxf6+ gxf6 12. Be3 Qc7 13. Bh6 Re8 14. d4 Nd7
{#Diagram} 15. Bxe6 $1 {Nice} 15... Qd6 16. Bf5 Nf8 17. Bxf8 Kxf8 18. Nh4 Qf4
19. Bxc8 Raxc8 20. Qe4 Bd6 21. Qxf4 Bxf4 22. Nf5 Bc7 23. h3 Re6 24. Kf1 Rce8
25. g3 b6 26. Re3 b5 27. Rae1 a6 28. R1e2 a5 29. b3 Bb6 30. Ke1 Bc7 31. Kd2 Kg8
32. Kd3 h5 33. c4 Kh7 34. cxb5 cxb5 35. d5 Rxe3+ 36. Rxe3 Rd8 37. Ke4 Re8+ 38.
Kd3 Rd8 39. Ke4 Re8+ 40. Kf3 Rd8 41. Rd3 Bd6 42. Nxd6 Rxd6 43. Ke4 Kg6 44. g4
hxg4 45. hxg4 Kg5 46. f3 Kg6 47. f4 Kg7 48. Rc3 Kf8 49. Rc5 Rb6 50. Rc6 Rb7 1-0

[Event "Autumn Cup"]
[Site "Wellington Chess Club"]
[Date "2013.05.16"]
[Round "2"]
[White "Whittle, Jonathon"]
[Black "Hewson, Michael"]
[Result "1/2-1/2"]
[WhiteElo "1775"]
[BlackElo "1848"]

1. Nf3 Nf6 2. c4 b5 3. c5 d6 4. e3 a6 5. b4 dxc5 6. bxc5 e6 7. d4 g6 8. Bb2 Bg7
9. Qc2 Nc6 10. g3 Bb7 11. Bg2 O-O 12. O-O Nb4 13. Qb3 a5 14. a3 Bd5 15. Qd1 Nc6
16. Nc3 Bc4 17. Re1 b4 18. axb4 Nxb4 19. Ne5 Bd5 20. Nxd5 Nfxd5 21. Nc4 Ra6 22.
Rxa5 Rxa5 23. Nxa5 Qa8 24. Nc4 Qa2 25. Qe2 Nc6 26. Ra1 Qb3 27. Ra3 Qb5 28. Bf1
Rb8 29. Ba1 Qb4 30. Qa2 Qe1 31. Ra8 Qb4 32. Ra4 Qe1 33. Ra8 Qb4 34. Ra4 Qe1 35.
Ra8 1/2-1/2